000 00567nam a2200205Ia 4500
001 17006
003 IVS
005 20250626030621.0
008 211022s9999 xx 000 0 und d
040 _cIVS
082 _a746 MAR
100 _aMariam Irfan Moosa
245 4 _aThe need for Brand Development for the Home Textile exports of Pakistan.
260 _aKarachi
260 _bIndus Valley School
260 _c2014
300 _a49
856 _uhttps://drive.google.com/file/d/1j-2BG-DWoTM0_p3oiEic6SQCEpkrUEPV/view?usp=sharing
942 _cDISS
_n0
_2ddc
999 _c11988
_d11988